000 00523nam a2200181Ia 4500
003 GCL
008 140319s9999 xx 000 0 eng d
040 _aGCL /
_cGCL
082 0 4 _a791.4302330922
100 1 _aWAKEMAN, JOHN
245 1 0 _aWORLDS FILM DIRECTORS: VOLUE 1 1890 - 1945, VOLUME 2 1945 - 1985 /
_cWAKEMAN, JOHN
260 _a[S.N] :
_bTHE H. W. WILSON COMPANY ،
_c1987
300 _a1247 P
650 0 4 _aARTS
650 0 4 _aMOTION PICTURES - DIRECTORS
650 0 4 _aDIRECTORS - BIOGRAPHY
942 _2ddc
_cBK
999 _c15746
_d15746